000 00767nam a2200265Ia 4500
005 20220316235442.0
008 121119s1992 sp gr 000 f spa
020 _a8420744891
041 0 _aspa
100 1 _aCarbo, Joaquím
245 1 0 _aOperación moscardón
_cJoaquím Carbo
250 _aPrimera edición
300 _a136 páginas
_c23 cm
490 0 _aEspacio abierto
650 1 4 _aGrandes lectores
_2LEMB
650 1 4 _aLiteratura española
_ySiglo XX
_2LEMB
650 1 4 _aNovela española
_ySiglo XX
_2LEMB
942 _2loc
_cBKLIT
264 _aMadrid
_bAnaya
_c1992
336 _atexto
_btxt
_2rdacontent
337 _asin mediación
_bn
_2rdamedia
338 _avolumen
_bnc
_2rdacarrier
040 _aCO-BoRNBP
_bspa
_erda
_cCO-BoRNBP
084 _aN CAR8
999 _c1005
_d1005